[Event "Turkish Bank Chess League 2012"]
[Site "Konya TUR"]
[Date "2012.07.16"]
[Round "6"]
[White "Ali Marandi,C"]
[Black "Ererdem,G"]
[Result "1-0"]
[WhiteElo "2394"]
[BlackElo "1963"]

1.e4 g6 2.d4 Bg7 3.Nc3 c6 4.Nf3 d5 5.h3 Nf6 6.e5 Ne4 7.Nxe4 dxe4 8.Ng5 c5
9.Bc4 O-O 10.c3 cxd4 11.cxd4 b5 12.Bb3 Bb7 13.e6 f5 14.d5 Na6 15.Nf7 Rxf7
16.exf7+ Kxf7 17.Be3 Nb4 18.O-O Bxd5 19.Rc1 Nd3 20.Rc5 e6 21.Bxd5 exd5 22.Rxb5 Rb8
23.Rxb8 Qxb8 24.Qa4 Qb7 25.Bd4 Bxd4 26.Qxd4 f4 27.Rd1 Ke6 28.Rd2 Qb6 29.Qg7 d4
30.Qxh7 Ne5 31.Qg8+ Kf6 32.Qd5  1-0

[Event "Turkish Bank Chess League 2012"]
[Site "Konya TUR"]
[Date "2012.07.16"]
[Round "6"]
[White "Yilmazyerli,M"]
[Black "Topak,E"]
[Result "1-0"]
[WhiteElo "2312"]
[BlackElo "2241"]

1.e4 g6 2.d4 Bg7 3.Nc3 c6 4.Nf3 d5 5.h3 Nf6 6.e5 Ne4 7.Bd3 Nxc3 8.bxc3 c5
9.O-O c4 10.Be2 Nc6 11.Bf4 h6 12.Qd2 Be6 13.a4 Qd7 14.Nh2 O-O-O 15.Bg4 Bxg4
16.Nxg4 g5 17.Bg3 h5 18.Ne3 f5 19.exf6 exf6 20.Rab1 f5 21.f4 h4 22.Be1 g4
23.hxg4 fxg4 24.Qe2 g3 25.Rb5 Rhe8 26.Qf3 Ne7 27.Bd2 Qd6 28.Qg4+ Rd7  1-0

[Event "Turkish Bank Chess League 2012"]
[Site "Konya TUR"]
[Date "2012.07.18"]
[Round "8"]
[White "Komut,B"]
[Black "Topak,E"]
[Result "1/2-1/2"]
[WhiteElo "2008"]
[BlackElo "2241"]

1.e4 g6 2.d4 Bg7 3.Nc3 c6 4.Nf3 d5 5.h3 Nf6 6.e5 Ne4 7.Nxe4 dxe4 8.Ng5 c5
9.e6 Bxe6 10.Nxe6 fxe6 11.dxc5 Qxd1+ 12.Kxd1 Nd7 13.Bb5 O-O-O 14.Ke2 Nxc5
15.Be3 Bxb2 16.Rad1 Ba3 17.Bc4 Rd6 18.Bxc5 Bxc5 19.Rxd6 exd6 20.Bxe6+ Kc7
21.Bd5 Re8 22.Rb1 b6 23.Rb3 Re5 24.c4 Kd8 25.a4 Ke7 26.Rg3 Kf6 27.h4 h6 28.Bc6 Re7
29.Kf1 a6 30.Rg4 Kf5 31.f3 exf3 32.gxf3 g5 33.hxg5 hxg5 34.Re4 Rxe4 35.Bxe4+ Ke5
36.Bb7 a5 37.Kg2 Kd4 38.Ba6  1/2-1/2

[Event "7th Nana Aleksandria Cup"]
[Site "Poti GEO"]
[Date "2012.07.18"]
[Round "6.2"]
[White "Quparadze,G"]
[Black "Kalashian,D"]
[Result "1-0"]
[WhiteElo "2459"]
[BlackElo "2408"]

1.e4 c6 2.d4 g6 3.Nc3 Bg7 4.f4 d5 5.e5 h5 6.Nf3 Nh6 7.Be3 Bg4 8.h3 Bxf3 9.Qxf3 Nf5
10.Bf2 h4 11.Bd3 e6 12.O-O Nd7 13.Ne2 Bf8 14.b3 Be7 15.c4 Kf8 16.c5 a5 17.Rfc1 Kg7
18.Rc2 Qc7 19.Rac1 Rhc8 20.Kh1 Qd8 21.Ng1 Qh8 22.Kh2 Qh6 23.Qg4 Qh7 24.a3 Rab8
25.b4 axb4 26.axb4 Ra8 27.b5 Ra3 28.Rd1 Rca8 29.Rb2 Qh8 30.Qe2 Qh6 31.Qd2 Bd8
32.Ne2 Nf8 33.Rdb1 g5 34.bxc6 bxc6 35.Rb8 Ra2 36.R1b2 Rxb8 37.Rxa2 Ng6 38.Bxf5 exf5
39.Be3 gxf4 40.Nxf4 Nxf4 41.Bxf4 Qe6 42.Qd3 Kf8 43.Rf2 Ba5 44.Rf1 Qg6 45.Qc2 Rb4
46.Qa2 Rb5 47.Rf3 Be1 48.Qa1 Ba5 49.Ra3 Bc7 50.Ra8+ Kg7 51.Qa2 Qh5 52.Rc8 Ba5
53.Rxc6 Be1 54.Qa3 Bf2 55.Qd3 Ra5 56.Qf1 Ra2 57.e6 Bg3+ 58.Bxg3 hxg3+ 59.Kxg3 Qg6+
60.Kh2 fxe6 61.Qf3 Rd2 62.Ra6 Rc2 63.Ra8 Kf6 64.c6 Qg5 65.Rc8 Qc1 66.Qg3 Rxg2+
67.Kxg2 Qc2+ 68.Qf2 Qe4+ 69.Kh2  1-0

[Event "5th Paleochora Open"]
[Site "Paleochora GRE"]
[Date "2012.07.19"]
[Round "5.3"]
[White "Swiercz,D"]
[Black "Skembris,S"]
[Result "1-0"]
[WhiteElo "2595"]
[BlackElo "2460"]

1.e4 c6 2.Nc3 g6 3.d4 Bg7 4.h3 d5 5.Nf3 Nh6 6.Bf4 dxe4 7.Nxe4 Nf5 8.c3 Nd6
9.Bd3 Nxe4 10.Bxe4 Nd7 11.O-O O-O 12.Re1 c5 13.Bg5 Re8 14.dxc5 Qc7 15.Qa4 Kf8
16.c6 Nc5 17.Qc4 b6 18.Bc2 h6 19.Bf4 e5 20.Be3 Kg8 21.Bxc5 Be6 22.Qb5 bxc5
23.Qxc5 Rab8 24.Bb3 Rb6 25.Qa5 Re7 26.Bxe6 Rxe6 27.Rad1 Rexc6 28.Rd2 e4 29.Nd4 e3
30.fxe3 Qg3 31.Ree2 Rd6 32.Qa3 Be5 33.Nf3 Ra6 34.Qb3 Rxd2 35.Rxd2 Rf6 36.Rf2 Bc7
37.Qc4 Bb6 38.Qd3 g5 39.Rf1 h5 40.Nd4 Rxf1+ 41.Kxf1 g4 42.hxg4 Qxg4 43.Qe2 Qe4
44.Kf2 Qh4+ 45.Kg1 Bc7 46.Nf3 Qe4 47.Kf2 h4 48.Qd2 Bg3+ 49.Ke2 Qc4+ 50.Qd3 Qxa2
51.Qd8+ Kg7 52.Qd4+ Kg8 53.c4 Qb1 54.Qd8+ Kg7 55.Qd4+ Kf8 56.Nd2 Qf5 57.Qd8+ Kg7
58.Qd5 Qf2+ 59.Kd3 a5 60.b3 Qg1 61.c5 Be1 62.c6 Bg3 63.Qg5+ Kf8 64.c7 Bxc7
65.Qc5+ Kg7 66.Qxc7 Qxg2 67.Qe5+ f6 68.Qe7+ Kg8 69.Qe8+ Kg7 70.Qe7+ Kg8 71.Qxf6 h3
72.Nf3 Qf1+ 73.Ke4 Qb1+ 74.Kf4 Qxb3 75.Qg5+ Kf8 76.Qxa5 Qc4+ 77.Kg3 Qe2 78.Qf5+ Kg7
79.Qg5+ Kf8 80.Qf4+ Kg8 81.Kxh3 Qf1+ 82.Kg3 Qe2 83.e4 Kg7 84.e5 Qa6 85.Kh4 Qc6
86.Kg4 Qe6+ 87.Qf5 Qc4+ 88.Kg5 Qc1+ 89.Qf4 Qc5 90.Nd4 Qd5 91.Qf6+ Kh7 92.Qh6+ Kg8
93.Qe6+  1-0

[Event "23rd Czech Open Rapid"]
[Site "Pardubice CZE"]
[Date "2012.07.19"]
[Round "7.13"]
[White "Malakhov,I"]
[Black "Novikov,St1"]
[Result "0-1"]
[WhiteElo "2442"]
[BlackElo "2545"]

1.e4 g6 2.d4 Bg7 3.Nc3 c6 4.Be3 d6 5.g3 Nf6 6.h3 O-O 7.Bg2 Qc7 8.Nge2 b5
9.O-O e5 10.f4 exd4 11.Bxd4 Nbd7 12.a3 Bb7 13.g4 a5 14.Ng3 b4 15.Nce2 c5
16.Bf2 Rfe8 17.axb4 cxb4 18.Bd4 Nc5 19.e5 Bxg2 20.Kxg2 dxe5 21.Bxe5 Qc6+
22.Kh2 Nd5 23.Nd4 Qd7 24.Bxg7 Ne3 25.Qd2 Nxf1+ 26.Rxf1 Kxg7 27.f5 Qd6 28.Rf4 Kg8
29.fxg6 fxg6 30.g5 Rf8 31.Rxf8+ Rxf8 32.Qe3 Qf4 33.Qxf4 Rxf4 34.Nge2 Re4
35.Kg3 Ne6  0-1

[Event "Turkish Bank Chess League 2012"]
[Site "Konya TUR"]
[Date "2012.07.20"]
[Round "11"]
[White "Sanal,V"]
[Black "Topak,E"]
[Result "1-0"]
[WhiteElo "2332"]
[BlackElo "2241"]

1.e4 g6 2.d4 Bg7 3.Nc3 c6 4.f4 d5 5.e5 Nh6 6.Be2 f6 7.Nf3 O-O 8.O-O b6 9.Kh1 Na6
10.Be3 Nc7 11.Qe1 Bg4 12.h3 Nf5 13.Bg1 Bxf3 14.Rxf3 fxe5 15.fxe5 e6 16.g4 Nh6
17.Nd1 Qe7 18.Be3 c5 19.c3 Rxf3 20.Bxf3 Rc8 21.Be2 Nf7 22.h4 b5 23.g5 b4
24.Nf2 bxc3 25.bxc3 cxd4 26.cxd4 Na8 27.Ng4 Nb6 28.h5 gxh5 29.Nf6+ Kh8 30.Bd3 Nd7
31.Qe2 Nfxe5 32.dxe5 Nxe5 33.Qxh5 h6 34.Bd4 Qf7 35.Bxe5 Qxh5+ 36.Nxh5 Bxe5
37.Re1 Bc3 38.Rxe6 hxg5 39.Rh6+ Kg8 40.Rg6+ Kf7 41.Rxg5 Rc5 42.Nf4 Bd2 43.Rf5+ Ke7
44.Ng6+ Kd6 45.Rf2 Be3 46.Rc2 Ra5 47.Nh4 Ra3 48.Be2 Ke5 49.Kg2 d4 50.Nf3+ Ke4
51.Bd1 d3 52.Rc4+ Kf5 53.Ra4 Rxa4 54.Bxa4 Ke4 55.Bc6+ Kf4 56.Kf1 Bc5 57.Ke1 Ke3
58.Kd1 Ba3 59.Ne1 Kd4 60.Bb5 Kc5 61.Bxd3 Kb6 62.Kc2 Bc5 63.Kb3 Bf2 64.Nc2 Kc7
65.Kc4 Bg1 66.Kb5 Bf2 67.Be4 Bg1 68.Nb4 Bf2 69.Ka6  1-0

[Event "XXI TCh-MKD 2012"]
[Site "Struga MKD"]
[Date "2012.07.20"]
[Round "5.5"]
[White "Stanojoski,Z"]
[Black "Koteski,D"]
[Result "1-0"]
[WhiteElo "2461"]
[BlackElo "2276"]

1.e4 g6 2.d4 Bg7 3.Nc3 c6 4.f4 d5 5.e5 h5 6.Nf3 Bg4 7.Be3 Nh6 8.h3 Nf5 9.Bf2 Bxf3
10.Qxf3 h4 11.Bd3 e6 12.Ne2 Nd7 13.c3 Qb6 14.O-O O-O-O 15.b4 Rdg8 16.a4 Bf8
17.Rfb1 Qd8 18.b5 c5 19.c4 dxc4 20.Be4 Qc7 21.a5 g5 22.b6 axb6 23.axb6 Nxb6
24.Ra7 Nd5 25.Bxd5 exd5 26.Ra8+  1-0

[Event "30th Andorra Open"]
[Site "Andorra la Vella AND"]
[Date "2012.07.22"]
[Round "2.13"]
[White "Llaneza Vega,P"]
[Black "Del Rio de Angelis,S"]
[Result "1/2-1/2"]
[WhiteElo "2225"]
[BlackElo "2547"]

1.e4 g6 2.d4 Bg7 3.Nc3 c6 4.Nf3 d6 5.a4 d5 6.exd5 cxd5 7.Bf4 Nf6 8.Be2 Nc6
9.O-O O-O 10.Ne5 Nd7 11.Nxd5 Ndxe5 12.dxe5 Be6 13.Nc3 Qb6 14.Nb5 Rad8 15.Qc1 Bxe5
16.Be3 Nd4 17.Nxd4 Bxd4 18.Bxd4 Rxd4 19.a5 Qd6 20.Qe3 Rd8 21.h3 Qc7 22.Rfd1 Rxd1+  1/2-1/2

[Event "23rd Czech Open A"]
[Site "Pardubice CZE"]
[Date "2012.07.22"]
[Round "3.63"]
[White "Olsarova,T"]
[Black "Korotkjevich,S"]
[Result "0-1"]
[WhiteElo "2244"]
[BlackElo "2401"]

1.e4 g6 2.d4 Bg7 3.Nc3 c6 4.f4 d5 5.e5 h5 6.Nf3 Nh6 7.Be3 Bg4 8.Bd3 Nf5 9.Bxf5 Bxf5
10.O-O h4 11.Ne1 Na6 12.Nd3 Nc7 13.Nf2 Qd7 14.a4 f6 15.Ne2 Ne6 16.b3 Rd8
17.c3 Kf7 18.Nc1 fxe5 19.fxe5 Rdf8 20.Ncd3 Ke8 21.b4 Bh6 22.Qd2 Bxe3 23.Qxe3 b6
24.a5 h3 25.g3 b5 26.Nc5 Nxc5 27.bxc5 Rf7 28.Rae1 Qc7 29.g4 Be6 30.Nxh3 Rxf1+
31.Rxf1 Bxg4 32.Ng5 Bf5 33.Qg3 e6 34.Rf4 Rf8 35.Rf1 Kd7 36.Nh7 Rh8 37.Rxf5 exf5
38.Qxg6 Kc8 39.Qxf5+ Kb7 40.Nf6 Qxa5 41.e6 Qxc3 42.e7 Qe1+  0-1

[Event "23rd Czech Open A"]
[Site "Pardubice CZE"]
[Date "2012.07.22"]
[Round "3.35"]
[White "Rasik,V"]
[Black "Pribyl,Jo"]
[Result "1-0"]
[WhiteElo "2491"]
[BlackElo "2306"]

1.e4 c6 2.d4 g6 3.Nc3 Bg7 4.f4 d5 5.e5 h5 6.Nf3 Bg4 7.h3 Bxf3 8.Qxf3 e6 9.Bd3 h4
10.O-O Ne7 11.Be3 Nd7 12.Ne2 Bf8 13.b3 Nf5 14.Bf2 Ba3 15.Rab1 a5 16.c4 Kf8
17.Kh2 Rb8 18.Rfd1 Qe7 19.Ng1 Nb6 20.Qe2 c5 21.Bxf5 gxf5 22.Nf3 Rd8 23.Qe1 Bb4
24.Bxh4 Bxe1 25.Bxe7+ Kxe7 26.dxc5 Nd7 27.Nxe1 Nxc5 28.cxd5 Rxd5 29.Rxd5 exd5
30.Rd1 Rd8 31.Nf3 Ne6 32.g3 f6 33.Kg2 fxe5 34.Nxe5 d4 35.Kf3 Rc8 36.g4 Kf6
37.Nd7+ Ke7 38.gxf5 Kxd7 39.fxe6+ Kxe6 40.Rxd4 Rc2 41.Re4+ Kf6 42.Re2 Rc3+
43.Kg4 b5 44.f5 a4 45.Re6+ Kf7 46.bxa4 Rc4+ 47.Kg5 Rxa4 48.Rb6 Rxa2 49.Rb7+ Kg8
50.Rxb5 Rg2+ 51.Kf6 Rg3 52.h4 Rg4 53.h5 Kh7 54.Ke6 Ra4 55.f6 Ra6+ 56.Kf5 Kh6
57.Rd5 Rb6 58.Rd8 Rb5+ 59.Ke6 Rb6+ 60.Ke7 Rb7+ 61.Ke8  1-0

[Event "27th Avoine Open"]
[Site "Avoine FRA"]
[Date "2012.07.23"]
[Round "3.15"]
[White "Roger,M"]
[Black "Safranska,A"]
[Result "1/2-1/2"]
[WhiteElo "2097"]
[BlackElo "2298"]

1.e4 g6 2.d4 Bg7 3.Nc3 c6 4.Nf3 d6 5.h3 Nf6 6.g3 O-O 7.Bg2 Nbd7 8.O-O e5
9.dxe5 dxe5 10.Be3 Qe7 11.Nd2 b5 12.Re1 Nc5 13.Nb3 Ne6 14.Re2 a5 15.Nd5 cxd5
16.exd5 Rd8 17.Rd2 e4 18.dxe6 Bxe6 19.Nxa5 Qc7 20.Nb3  1/2-1/2

[Event "5th Paleochora Open"]
[Site "Paleochora GRE"]
[Date "2012.07.23"]
[Round "9.15"]
[White "Persson,Andr"]
[Black "Skembris,S"]
[Result "0-1"]
[WhiteElo "2104"]
[BlackElo "2460"]

1.e4 g6 2.d4 c6 3.Nc3 Bg7 4.f4 d5 5.e5 Nh6 6.Nf3 O-O 7.Bd3 f6 8.O-O Bg4 9.h3 Bxf3
10.Rxf3 Qb6 11.Be3 fxe5 12.dxe5 Qc7 13.Qd2 Nd7 14.Raf1 e6 15.g4 Nf7 16.Ne2 c5
17.c3 Rad8 18.h4 Nfxe5 19.fxe5 Rxf3 20.Rxf3 Nxe5 21.Rg3 Qf7 22.Kg2 Rf8 23.Ng1 d4
24.cxd4 cxd4 25.Bf2 Nxd3 26.Rxd3 e5 27.Rb3 Qd5+ 28.Kh2 e4 29.Bg3 d3 30.Ne2 Be5
31.Nf4 Qd6 32.Nh5 Bxg3+ 33.Nxg3 Rf3 34.Qg2 Rxg3 35.Qd2 Rxg4+ 36.Kh1 Rxh4+  0-1

[Event "27th Avoine Open"]
[Site "Avoine FRA"]
[Date "2012.07.24"]
[Round "4.5"]
[White "Jolly,J"]
[Black "Decosse,J"]
[Result "1-0"]
[WhiteElo "2409"]
[BlackElo "2216"]

1.e4 g6 2.d4 Bg7 3.Nc3 c6 4.Nf3 d6 5.Be2 Nd7 6.O-O e5 7.dxe5 dxe5 8.a4 Bh6
9.Nd2 Ngf6 10.Nc4 Bxc1 11.Nd6+ Ke7 12.Nxc8+ Rxc8 13.Qxc1 Qb6 14.a5 Qc5 15.Kh1 Rhe8
16.Qh6 Kd8 17.f4 Kc7 18.fxe5 Rxe5 19.Qh4 Qe7 20.Qg3 h5 21.Rf4 Rf8 22.Raf1 Kc8
23.a6 b6 24.Qf3 Re6 25.Bc4 Rd6 26.Nb5 cxb5 27.e5 Qxe5 28.Qa8+ Kc7 29.Qxa7+ Kd8
30.Bd3 Rxd3 31.cxd3 Ke7 32.Rxf6  1-0

[Event "27th Avoine Open"]
[Site "Avoine FRA"]
[Date "2012.07.24"]
[Round "4.21"]
[White "Messinger,K"]
[Black "Pietrasanta,J"]
[Result "1-0"]
[WhiteElo "2060"]
[BlackElo "2272"]

1.e4 c6 2.d4 g6 3.Nc3 Bg7 4.Be3 d6 5.Nf3 Nd7 6.Bd3 b5 7.Qd2 a6 8.a4 Bb7 9.O-O Qc7
10.axb5 cxb5 11.Nd5 Bxd5 12.exd5 Qb7 13.Qa5 Ngf6 14.Bxb5 Rb8 15.Bc6 Qxb2
16.Ra2 Qb4 17.Qxb4 Rxb4 18.Rxa6 O-O 19.Rfa1 Nb8 20.R6a4 Rb6 21.Ba8 Rc8 22.c4 Ng4
23.Bg5 e5 24.dxe6 fxe6 25.h3 Nh6 26.Rc1 Nf7 27.Be3 d5 28.c5 Rb2 29.c6 Rb6
30.Bb7 Rbxc6 31.Bxc6 Nxc6 32.Ra6 Ne7  1-0

[Event "23rd Czech Open A"]
[Site "Pardubice CZE"]
[Date "2012.07.24"]
[Round "5.46"]
[White "Sochacki,W"]
[Black "Korotkjevich,S"]
[Result "0-1"]
[WhiteElo "2263"]
[BlackElo "2401"]

1.e4 g6 2.d4 Bg7 3.Nc3 c6 4.Nf3 d5 5.h3 dxe4 6.Nxe4 Nd7 7.Bc4 Ngf6 8.Nxf6+ Nxf6
9.O-O O-O 10.Re1 Bf5 11.Qe2 Be4 12.c3 b5 13.Bb3 e6 14.Ne5 Bd5 15.Bg5 Qe8
16.Bxf6 Bxf6 17.Bxd5 cxd5 18.Nd3 Qc6 19.a4 bxa4 20.Qd1 Qb5 21.Rxa4 a5 22.Qc2 Rac8
23.Rea1 Bd8 24.Nc5 e5 25.Qb3 Rxc5  0-1

[Event "Dutch Open 2012"]
[Site "Dieren NED"]
[Date "2012.07.26"]
[Round "3.15"]
[White "Ypma,P"]
[Black "Vesters,Melchior"]
[Result "0-1"]
[WhiteElo "2175"]
[BlackElo "1974"]

1.e4 g6 2.d4 Bg7 3.Nc3 c6 4.f4 Qb6 5.Nf3 d5 6.e5 Bg4 7.Be2 e6 8.O-O Ne7 9.a3 Nd7
10.Be3 Nf5 11.Qd2 Nxe3 12.Qxe3 Rc8 13.b4 Qd8 14.h3 Bxf3 15.Rxf3 h5 16.g3 Qe7
17.Kg2 Kd8 18.Na4 Kc7 19.b5 Kb8 20.bxc6 Rxc6 21.Qb3 Rhc8 22.Rb1 Nb6 23.Nc5 Bf8
24.a4 Qc7 25.a5 Bxc5 26.dxc5 Nd7 27.Qa3 Rxc5 28.Rfb3 Rxc2 29.Rxb7+ Qxb7 30.Rxb7+ Kxb7
31.Kf1 Rc1+ 32.Kf2 Nc5 33.Qb2+ Ka8 34.Kg2 Ne4 35.a6 R1c7 36.Qd4 Rc2 37.Qd3 R8c4
38.f5 Rd2 39.Qf3 Rcc2 40.Qa3 Rxe2+ 41.Kf1 Rf2+ 42.Ke1 Rfe2+ 43.Kf1 Nd2+ 44.Kg1 Re1+  0-1

[Event "21st Kavala Open A"]
[Site "Kavala GRE"]
[Date "2012.07.26"]
[Round "2"]
[White "Stamos,F"]
[Black "Azaladze,S"]
[Result "0-1"]
[WhiteElo "1966"]
[BlackElo "2484"]

1.e4 g6 2.d4 Bg7 3.Nc3 c6 4.Nf3 d5 5.h3 Nf6 6.e5 Ne4 7.Nxe4 dxe4 8.Ng5 c5
9.e6 Bxe6 10.Nxe6 fxe6 11.dxc5 Nd7 12.c3 Nxc5 13.Bb5+ Kf7 14.O-O a6 15.Bc4 b5
16.Bb3 Qxd1 17.Rxd1 Rhd8 18.Be3 Nd3 19.Rd2 a5 20.Rad1 a4 21.Bc2 Rd5 22.Bxd3 exd3
23.Rxd3 Rad8 24.Rxd5 exd5 25.a3 e5 26.f4 e4 27.Kf2 Ke6 28.g4 Rf8 29.Ke2 Rf7
30.Rf1 Bf8 31.Bd4 Bd6 32.Ke3 h5 33.g5 Kf5 34.Rf2 Ke6 35.Rf1 Be7 36.Rf2 Bd8
37.Bc5 Rc7 38.Bd4 Rc4 39.Re2 Be7 40.Rf2 Kf5 41.Rf1 Bd6 42.Rf2 Rc8 43.Rf1 Ra8
44.Kd2 h4 45.Be3 Rf8 46.Ke2 Ke6 47.Kd2 d4 48.cxd4 Kd5 49.Rc1 Rxf4 50.Rc8 Rf3
51.Rg8 Rxh3 52.Rxg6 Rh2+ 53.Ke1 Rxb2 54.Rh6 b4 55.Bc1 Rb1 56.Kd1 Bf4  0-1

[Event "23rd Czech Open A"]
[Site "Pardubice CZE"]
[Date "2012.07.26"]
[Round "7.26"]
[White "Hasangatin,R"]
[Black "Korotkjevich,S"]
[Result "1-0"]
[WhiteElo "2504"]
[BlackElo "2401"]

1.e4 g6 2.d4 Bg7 3.Nc3 c6 4.Bc4 b5 5.Bb3 d6 6.Qf3 e6 7.Nge2 a5 8.a4 b4 9.Nb1 Ba6
10.Be3 Nd7 11.Nd2 c5 12.c3 cxd4 13.cxd4 Nb6 14.O-O Ne7 15.Rfc1 O-O 16.Nf4 d5
17.Rc5 Bb7 18.e5 Qd7 19.Qd1 Bc6 20.Bc2 f6 21.exf6 Bxf6 22.Nf3 Nc4 23.b3 Nd6
24.Bd3 Nf7 25.Rac1 e5 26.dxe5 Nxe5 27.Be2 Ng4 28.Bd4 Qf5 29.Nd3 Bd7 30.h3 Nh6
31.Bxf6 Qxf6 32.Nde5 Bf5 33.Qd2 Nf7 34.Nxf7 Rxf7 35.Qd4 Be4 36.Qxf6 Rxf6
37.Nd4 Rd6 38.f3 Bf5 39.Kf2 Bd7 40.Ke3 g5 41.Bd3 Kg7 42.Rf1 h5 43.Kd2 Kf6
44.Re1 Ra7 45.Re2 Be8 46.Rc1 Bd7 47.Ree1 Ng8 48.Re5 Ra8 49.h4 gxh4 50.Rxh5 h3
51.g4 Re8 52.Rh1 Ke7 53.R5xh3 Rf6 54.Rh7+ Kd6 55.Rxd7+ Kxd7 56.Bb5+ Kd8 57.Bxe8 Kxe8
58.Rc1 Ne7 59.Rc5 Kf7 60.Rc7 Ke8 61.Ra7 Ng6 62.Rxa5 Nh4 63.Ke2 Ng2 64.Rb5 Nf4+
65.Kd2 Rh6 66.Ke3  1-0

[Event "PAB Romania Open 2012"]
[Site "Arad ROU"]
[Date "2012.07.27"]
[Round "8.12"]
[White "Strugnell,C"]
[Black "Vedmediuc,S"]
[Result "1/2-1/2"]
[WhiteElo "2234"]
[BlackElo "2468"]

1.e4 g6 2.d4 Bg7 3.Nc3 c6 4.f4 d5 5.e5 Nh6 6.Nf3 Bg4 7.h3 Bxf3 8.Qxf3 Qb6
9.g4 Qxd4 10.Be3 Qb4 11.O-O-O e6 12.Qf2 Nd7 13.Kb1 Ng8 14.Bg2 Ne7 15.Bf1 Ng8
16.Bg2 Ne7 17.Qd2 g5 18.a3 Qa5 19.Ne4 Qxd2 20.Nd6+ Kf8 21.Rxd2 gxf4 22.Bxf4 Ng6
23.Rf2 Nxf4 24.Rxf4 Nxe5 25.Nxf7 Nxf7 26.Rhf1 Kg8 27.Rxf7 h5 28.Rxb7 hxg4
29.Rff7 Be5 30.hxg4 Rf8  1/2-1/2

[Event "21st Kavala Open A"]
[Site "Kavala GRE"]
[Date "2012.07.27"]
[Round "4"]
[White "Stojanovic,Andj"]
[Black "Khazhomia,S"]
[Result "1-0"]
[WhiteElo "2290"]
[BlackElo "2125"]

1.d4 g6 2.e4 Bg7 3.Nc3 c6 4.Nf3 d5 5.h3 e6 6.Be2 Ne7 7.O-O O-O 8.Bf4 b6 9.Re1 Bb7
10.exd5 exd5 11.Qd2 Re8 12.Bf1 Nd7 13.Ne5 Nf5 14.Nf3 Qf6 15.Bg5 Qd6 16.g4 Nxd4
17.Nxd4 Qb4 18.Nce2 Qxb2 19.a4 Re4 20.c3 Qxd2 21.Bxd2 Nc5 22.f3 Ree8 23.Nc1 Nd7
24.Nd3 c5 25.Nb5 d4 26.c4 Bxf3 27.Rxe8+ Rxe8 28.Nxa7 Nf6 29.Nb5 Ne4 30.Bf4 g5
31.Nd6 Nxd6 32.Bxd6 Re6 33.Bc7 h5 34.gxh5 Bxh5 35.Re1 Rc6 36.Bd8 g4 37.Nf4 Rh6
38.Bg5 d3 39.Re8+  1-0

[Event "23rd Czech Open A"]
[Site "Pardubice CZE"]
[Date "2012.07.27"]
[Round "8.62"]
[White "Novotny,M1"]
[Black "Potapov,Alexa1"]
[Result "0-1"]
[WhiteElo "2284"]
[BlackElo "2395"]

1.e4 g6 2.d4 Bg7 3.Nc3 c6 4.Nf3 d6 5.a4 Bg4 6.Bc4 e6 7.Be2 Nd7 8.O-O Ne7
9.h3 Bxf3 10.Bxf3 O-O 11.Ne2 c5 12.c3 Nc6 13.g3 Qf6 14.Bg2 cxd4 15.cxd4 Nxd4
16.Nxd4 Qxd4 17.Qe2 Nc5 18.Ra2 Rfc8 19.Be3 Qb4 20.Qb5 Qb3 21.Rfa1 a6 22.Qxb3 Nxb3
23.Rd1 Rc6 24.Ra3 Na5 25.b4 Nc4 26.Rb3 b5 27.axb5 axb5 28.Bd4 Bxd4 29.Rxd4 Ra1+
30.Bf1 Ne5 31.f4 Rcc1 32.fxe5 Rxf1+ 33.Kg2 dxe5 34.Rd8+ Kg7 35.Rb8 Rfe1 36.Rxb5 Ra2+
37.Kf3 Rf1+ 38.Ke3 Rg1 39.Kf3 Rag2 40.Kg4 h5+ 41.Kh4 Kh6 42.Rxe5 f6 43.Rxe6 g5+  0-1

[Event "23rd Czech Open A"]
[Site "Pardubice CZE"]
[Date "2012.07.27"]
[Round "8.21"]
[White "Kriebel,T"]
[Black "Chernyshov,K"]
[Result "0-1"]
[WhiteElo "2393"]
[BlackElo "2534"]

1.e4 g6 2.d4 Bg7 3.Nc3 c6 4.Nf3 d5 5.h3 dxe4 6.Nxe4 Nf6 7.Nxf6+ Bxf6 8.Bc4 Nd7
9.O-O Nb6 10.Bb3 a5 11.a4 O-O 12.Bh6 Re8 13.Re1 Nd5 14.Ne5 Be6 15.Qe2 Nc7
16.Bxe6 Nxe6 17.Rad1 Bxe5 18.Qxe5 Qd5 19.c3 Rad8 20.Qg3 Qb3 21.Rd2 Rd5 22.Re5 Rxe5
23.Qxe5 Qd5 24.Qxd5 cxd5 25.Re2 Rd8 26.f4 Rd7 27.g4 Nd8 28.f5 f6 29.Bf4 Kf7
30.Kf2 gxf5 31.gxf5 e6 32.fxe6+ Nxe6 33.Kf3 Rd8 34.Be3 Rc8 35.Rc2 f5 36.Rc1 Ke7
37.Bf4 Rc4 38.Re1 Rxa4 39.Re5 Ra2 40.Rxd5 Rxb2 41.Rxa5 Rb3 42.Bd2 Nxd4+ 43.Kf4 Nb5
44.Kxf5 Nxc3 45.Bxc3 Rxc3 46.Rb5 Rc7 47.Rb6 Kd8 48.h4 Rc5+ 49.Kf4 Kc8 50.Rh6 Rc7
51.h5 Kb8 52.Rf6 Ka7 53.h6 b6 54.Rf8 Ka6 55.Ra8+ Kb5 56.Rg8 Kc6 57.Rg7 Kd6
58.Ke4 Re7+ 59.Kd4 Ke6 60.Rg1 Kf5 61.Rg7 Kf6 62.Rg1 Rc7 63.Rb1 Rd7+ 64.Ke4 Re7+
65.Kf4 Rb7 66.Rc1 Kg6 67.Rc6+ Kh5 68.Kf5 b5 69.Ke4 b4 70.Kd3 b3 71.Rc1 Kxh6
72.Kc3 Rc7+  0-1

[Event "23rd Czech Open A"]
[Site "Pardubice CZE"]
[Date "2012.07.27"]
[Round "8.57"]
[White "Maximov,D"]
[Black "Varitski,I"]
[Result "1-0"]
[WhiteElo "2480"]
[BlackElo "2286"]

1.e4 c6 2.d4 g6 3.Nc3 Bg7 4.Nf3 d5 5.h3 dxe4 6.Nxe4 Bf5 7.Ng3 Be6 8.c3 Bd5
9.Bd3 Nf6 10.O-O Bxf3 11.Qxf3 O-O 12.Bg5 h6 13.Bf4 Re8 14.Rfe1 Qd5 15.Qe3 Kh7
16.Qd2 e6 17.h4 Qd8 18.h5 Nbd7 19.hxg6+ fxg6 20.Qc2 Nf8 21.Ne4 Nxe4 22.Rxe4 Qd5
23.Re3 Qd7 24.Rg3 Qf7 25.Bd6 Kh8 26.Bxf8 Qxf8 27.Bxg6 Re7 28.Re1 Rd8 29.Ree3 e5
30.Qe2 Red7 31.Rgf3 Qd6 32.Bc2 exd4 33.Re8+  1-0

[Event "Dutch Open 2012"]
[Site "Dieren NED"]
[Date "2012.07.28"]
[Round "5.12"]
[White "Beerdsen,Thomas"]
[Black "Efroimski,M"]
[Result "1-0"]
[WhiteElo "2044"]
[BlackElo "2187"]

1.e4 g6 2.d4 Bg7 3.Nc3 c6 4.Be3 d5 5.f3 Nf6 6.e5 Ng8 7.Qd2 h5 8.h3 Qa5 9.Bd3 Na6
10.a3 b5 11.Rb1 Nc7 12.Nge2 Qb6 13.b4 a5 14.Nf4 h4 15.Nfe2 Nh6 16.g4 hxg3
17.Nxg3 Nf5 18.Nxf5 Bxf5 19.Bxf5 gxf5 20.h4 Ne6 21.Ne2 axb4 22.axb4 Ra3 23.c3 Qa7
24.Qd3 Ra1 25.Kf2 Rxb1 26.Qxb1 f4 27.Nxf4 Nxf4 28.Bxf4 Bh6 29.Bxh6 Rxh6 30.h5 Qa8
31.Qc2 Qc8 32.Qd2 Rh8 33.Qg5 Qa6 34.h6 Qa2+ 35.Kg3 Qc2 36.Ra1 f6 37.exf6 Qxc3
38.Qg7 Qe3 39.Qxh8+ Kd7 40.Ra7+  1-0

[Event "23rd Czech Open A"]
[Site "Pardubice CZE"]
[Date "2012.07.28"]
[Round "9.60"]
[White "Tjurin,A"]
[Black "Korotkjevich,S"]
[Result "1-0"]
[WhiteElo "2302"]
[BlackElo "2401"]

1.e4 g6 2.d4 Bg7 3.Nc3 c6 4.h3 d5 5.e5 Nh6 6.Nf3 O-O 7.Be2 f6 8.exf6 exf6
9.Bf4 Nd7 10.Qd2 Nf7 11.h4 Re8 12.O-O-O Nf8 13.Be3 Bg4 14.Ne1 Bxe2 15.Qxe2 Nd6
16.h5 Nc4 17.hxg6 hxg6 18.Qf3 Nxe3 19.fxe3 Qe7 20.Rd3 Ne6 21.Qg4 Qf7 22.Nf3 Re7
23.Qh4 Nf8 24.Nd1 Rae8 25.g4 Re4 26.Qh3 Qd7 27.Rg1 b6 28.Rd2 c5 29.Rh2 cxd4
30.Nxd4 Ne6 31.Qh7+ Kf7 32.Nxe6 Qxe6 33.Rh6 Rg8 34.Rxg6 Rc4 35.g5 Rxc2+ 36.Kb1 Rh2
37.Rxf6+ Qxf6 38.Qxg8+  1-0

[Event "Politiken Cup 2012"]
[Site "Helsingor DEN"]
[Date "2012.07.31"]
[Round "5.46"]
[White "Rossen,C"]
[Black "Stolberg Rohr,T"]
[Result "1-0"]
[WhiteElo "2223"]
[BlackElo "1991"]

1.e4 g6 2.d4 Bg7 3.Nc3 c6 4.Be3 d5 5.e5 c5 6.Bb5+ Bd7 7.Qe2 cxd4 8.Bxd4 Nc6
9.Nf3 e6 10.Bxc6 Bxc6 11.O-O Ne7 12.Nb5 Bxb5 13.Qxb5+ Nc6 14.Qxb7 Nxd4 15.Nxd4 O-O
16.Nc6 Qg5 17.f4 Qh5 18.c4 dxc4 19.Rac1 Qe2 20.Rf2 Qd3 21.Qb4 Kh8 22.Qxc4 Qe3
23.Rc3 Qe1+ 24.Qf1 Qe4 25.b4 Rfc8 26.Qe2 Qd5 27.Ne7 Rxc3 28.Nxd5 exd5 29.Qd2 Rac8
30.Qxd5 Bf8 31.Rb2 Kg7 32.e6 Be7 33.exf7 Bf6 34.Re2 Rd8 35.Re8 Rc1+ 36.Kf2 Rc2+
37.Kf3 Rc3+ 38.Ke4 Rxd5 39.f8=Q+  1-0

[Event "21st Kavala Open A"]
[Site "Kavala GRE"]
[Date "2012.07.31"]
[Round "8"]
[White "Ganguly,S"]
[Black "Azaladze,S"]
[Result "0-1"]
[WhiteElo "2627"]
[BlackElo "2484"]

1.d4 g6 2.e4 Bg7 3.Nc3 c6 4.Nf3 d6 5.Be3 Nf6 6.Qd2 Bg4 7.Ng1 d5 8.e5 Ng8
9.Bd3 f6 10.f4 Nh6 11.h3 Bf5 12.Be2 Bc8 13.Nf3 Na6 14.g4 f5 15.g5 Nf7 16.h4 h5
17.gxh6 Nxh6 18.Ng5 Nc7 19.h5 Ng4 20.O-O-O Ne6 21.Bxg4 fxg4 22.Qd3 Nxg5 23.Qxg6+ Nf7
24.f5 Bh6 25.Rhe1 Bxf5 26.Qxf5 Bxe3+ 27.Rxe3 Nh6 28.Qg6+ Kd7 29.Na4 b6 30.Qd3 e6
31.Kb1 Nf5 32.Rf1 Rxh5 33.Rg3 Nxg3 34.Qxg3 Qf8 35.Qd3 Qxf1+ 36.Qxf1 Rf8 37.Qc1 Rhf5
38.Nc3 Rf1 39.Nd1 g3 40.b3 Rxd1 41.Qxd1 g2 42.Kb2 Rf1 43.Qd2 g1=Q 44.Qb4 Kc8  0-1

[Event "38th Badalona Open A"]
[Site "Badalona ESP"]
[Date "2012.08.01"]
[Round "1.7"]
[White "Perez Mitjans,O"]
[Black "Uribe Arteaga,D"]
[Result "1-0"]
[WhiteElo "2504"]
[BlackElo "2258"]

1.e4 g6 2.d4 Bg7 3.Nc3 c6 4.Nf3 d5 5.h3 dxe4 6.Nxe4 Nd7 7.Bc4 Ngf6 8.Ng3 O-O
9.O-O c5 10.c3 cxd4 11.Nxd4 Nb6 12.Bb3 Bd7 13.Re1 Re8 14.Bd2 Qc7 15.Qc1 e5
16.Nf3 Bc6 17.Ng5 Bd5 18.N5e4 Nxe4 19.Nxe4 f5 20.Ng3 Rad8 21.Bh6 f4 22.Bxg7 fxg3
23.Bh6 gxf2+ 24.Kxf2 Bxb3 25.axb3 Nd5 26.Kg1 Nf4 27.Qe3 Rd3 28.Qe4 Qb6+ 29.Kh2 Red8
30.Bxf4 exf4 31.Qxf4 Rd2 32.Re7 Rf2 33.Qe5 Rf6 34.Rf1 Rdf8 35.Qd5+ Kh8 36.Qd7  1-0